Literature review implementing the lifelong learning competencies for teacher trainers in the new learning community : [absztrakt] /

Elmentve itt :
Bibliográfiai részletek
Szerzők: Thwe Win Phyu
Kálmán Anikó
Testületi szerző: Pedagógiai Értékelési Konferencia (18.)
Dokumentumtípus: Könyv része
Megjelent: Szegedi Tudományegyetem, Neveléstudományi Doktori Iskola Szeged 2022
Sorozat:Pedagógiai Értékelési Konferencia 18
Kulcsszavak:Tanárképzés - előadáskivonat
Tárgyszavak:
Online Access:http://acta.bibl.u-szeged.hu/77366
LEADER 00981naa a2200229 i 4500
001 acta77366
005 20221128082315.0
008 221128s2022 hu o 1|| eng d
020 |a 978-963-306-862-5 
040 |a SZTE Egyetemi Kiadványok Repozitórium  |b hun 
041 |a eng 
100 1 |a Thwe Win Phyu 
245 1 0 |a Literature review   |h [elektronikus dokumentum] :  |b implementing the lifelong learning competencies for teacher trainers in the new learning community : [absztrakt] /  |c  Thwe Win Phyu 
260 |a Szegedi Tudományegyetem, Neveléstudományi Doktori Iskola  |b Szeged  |c 2022 
300 |a 68 
490 0 |a Pedagógiai Értékelési Konferencia  |v 18 
650 4 |a Társadalomtudományok 
650 4 |a Oktatástudomány 
695 |a Tanárképzés - előadáskivonat 
700 0 1 |a Kálmán Anikó  |e aut 
711 |a Pedagógiai Értékelési Konferencia (18.)  |c Szeged  |d 2022. április 21-23. 
856 4 0 |u http://acta.bibl.u-szeged.hu/77366/1/pek_2022_068.pdf  |z Dokumentum-elérés